000
00331 a2200157 4500
001
57407
020
_a
8526241818
040
_c
Anchieta - Pituba
100
_a
Chianca, Leonardo
240
1
0
_a
Romeu e Julieta
_l
por
245
1
0
_a
Romeu e Julieta
300
_a
79
362
0
_a
2001
650
4
_a
Literatura juvenil
942
_c
BK
999
_c
57407
_d
57407